000 01512nam0a22003131 4500
001 rc\4636556
005 20260407112728.0
021 _aRU
_b[68-112703]
035 _a(NLR Aleph) 008682712
090 _a9189150
_c9189150
100 _a20130416d1968 |||y0rusy50 ca
101 0 _arus
102 _aRU
105 _ay z |||||
200 1 _aИсследования в области пеногашения промывочных жидкостей
_fМ-во нефтедобывающей пром-сти СССР. Всесоюз. науч.-исслед. ин-т организации, управления и экономики нефтегазовой пром-сти
210 _aМосква
_cБ. и.
_d1968
215 _a57 с.
_cграф.
_d22
225 1 _a[Тематические научно-технические обзоры]
_iСерия "Бурение"
300 _aСост. указан на обороте тит. л.
320 _aБиблиогр.: с. 55-56 (19 назв.)
606 _aПеногасители химические
_2psbo
606 _aПромывочные растворы, буровые
_xДегазация
_2psbo
700 1 _aСкальская
_bУ.Л.
_4220
712 0 2 _aВНИИ организации, управления и экономики нефтегазовой промышленности
_3RU\NLR\AUTH\889941164
_9377182
801 0 _aRU
_bNLR
_gpsbo
801 1 _aRU
_bELAR
_2rusmarc
852 _aNLR
_j69-6/1218
942 _cBOOK
980 _aNB